[Event "ROM-ch U12"]
[Site "Calimanesti"]
[Date "2014.04.08"]
[Round "3"]
[White "Paraschiv, Paul Alexandru"]
[Black "Rosca, Victor Adrian"]
[Result "0-1"]
[WhiteElo "1695"]
[BlackElo "1618"]
[PlyCount "45"]
[EventDate "2014.04.06"]
[EventType "swiss"]
[EventRounds "9"]
[EventCountry "ROU"]
[SourceTitle "CBM 160 Extra"]
[Source "ChessBase"]
[SourceDate "2014.07.01"]
[SourceVersion "1"]
[SourceVersionDate "2014.07.01"]
[SourceQuality "1"]

1. e4 e5 2. Nf3 Nc6 3. d4 exd4 4. Bc4 Bc5 5. Ng5 d5 6. Bxd5 Nh6 7. Qh5 0-0 8. Bxf7+ Rxf7 9. Nxf7 Bb4+ 10. c3 Nxf7 11. cxb4 Nxb4 12. Na3 Nd3+ 13. Kf1 Nfe5 14. Qd1 Qh4 15. Qc2 Qxe4 16. Bd2 Bh3 17. Rg1 Nf3 18. Be3 Nxg1 19. gxh3 dxe3 20. Re1 e2+ 21. Rxe2 Nxe2 22. Qxe2 Qxe2+ 23. Kxe2 0-1

[Event "ROM-ch U12"]
[Site "Calimanesti"]
[Date "2013.04.03"]
[Round "3"]
[White "Rosca, Victor Adrian"]
[Black "Stefan, Mihai"]
[Result "1-0"]
[WhiteElo "1324"]
[BlackElo "1642"]
[PlyCount "81"]
[EventDate "2013.04.02"]
[EventType "swiss"]
[EventRounds "9"]
[EventCountry "ROU"]
[SourceTitle "CBM 153 Extra"]
[Source "ChessBase"]
[SourceDate "2013.04.22"]
[SourceVersion "1"]
[SourceVersionDate "2013.04.22"]
[SourceQuality "1"]

1. e4 e5 2. d4 exd4 3. c3 dxc3 4. Nxc3 Nc6 5. Bc4 d6 6. Nf3 Nf6 7. Ng5 Ne5 8. Bb3 h6 9. f4 hxg5 10. fxe5 Ng4 11. e6 f5 12. h3 Qf6 13. Qf3 Bxe6 14. Bxe6 Qxe6 15. Bxg5 fxe4 16. Qf4 Ne5 17. 0-0 Nd3 18. Qd2 d5 19. Rad1 Be7 20. Bxe7 Kxe7 21. Qg5+ Ke8 22. Nxd5 Rc8 23. Qxg7 Rg8 24. Nf6+ Kd8 25. Qxg8+ Qxg8 26. Nxg8 Kd7 27. Nf6+ Ke6 28. Nxe4 Nxb2 29. Rb1 Nc4 30. Rxb7 Ke5 31. Re1 a5 32. Rb5+ Kd4 33. Ng3 c5 34. Nf5+ Kc3 35. Rc1+ Kd3 36. Rb3+ Ke4 37. Rxc4+ Kxf5 38. g4+ Kg5 39. Rbc3 Rb8 40. Rxc5+ Kh4 41. Rh5# 1-0